Представление документа в формате RUSMARC

ПолеНазваниеЗначение
  Тип записи a
  Библиографический уровень m
001 Контрольный номер RU/IS/BASE/369831491
005 Дата корректировки 20260416090630.5
010 Индекс ISBN __
a ISBN 978-5-8123-0456-0 (Слово)
010 Индекс ISBN __
a ISBN 978-5-271-22693-9 (Астрель)
d Цена 288-00
101 Язык документа 0_
a Язык текста rus
200 Заглавие и сведения об ответственности 1_
a Заглавие Большая книга российских праздников
e Сведения, относящиеся к заглавию [для чтения родителями детям]
f Первые сведения об ответственности Г. П. Шалаева ; [стихи Н. Ивановой ]
210 Выходные данные 1_
a Место издания Москва
c Издательство Слово
210 Выходные данные 1_
c Издательство Астрель
d Дата издания [2009]
215 Физическое описание __
a Объем 207 с.
c Иллюстрации/тип воспроизводства цв. ил
330 Аннотация __
a Аннотация В этой прекрасно иллюстрированной книге рассказывается о самых разных праздниках, которые отмечаются в нашей стране. Юные читатели смогут узнать, где и когда возник тот или иной популярный праздник, какому событию посвящен и как его нужно праздновать.
606 Тематические рубрики __
a Основная рубрика Образование. Педагогика
y Географическая подрубрика Россия
606 Тематические рубрики __
a Основная рубрика Семейное воспитание и образование
610 Ключевые слова 0_
a Ключевые слова Благовещение
a Ключевые слова Вербное воскресенье
a Ключевые слова Воздвиженье Креста Господня
a Ключевые слова Вознесение Господне
a Ключевые слова всемирный день Красного Креста
a Ключевые слова детская литература
a Ключевые слова Крещение Господне
a Ключевые слова Масленица
a Ключевые слова международный женский день
a Ключевые слова Новый год
a Ключевые слова Пасха
a Ключевые слова праздник весны и труда
a Ключевые слова праздники
a Ключевые слова Преображения Господне
a Ключевые слова Рождество Пресвятой Богородицы
a Ключевые слова Рождество Христово
a Ключевые слова Святки
a Ключевые слова Сретение Господне
a Ключевые слова Троица
a Ключевые слова Успение Пресвятой Богородицы
686 Индексы других классификаций __
a Индекс ББК 74.900.6
700 Автор _1
a Фамилия Шалаева
b Имя Г. П.
g Полное личное имя Галина Петровна
801 Источник записи _0
a Страна RU
b Организация Центральная районная библиотека им. Г. А. Пирожникова
g Правила каталогизации ОКиО/Трояновская
801 Источник записи _1
a Страна RU
b Организация Центральная районная библиотека им. Г. А. Пирожникова
g Правила каталогизации ОКиО/Трояновская
852 Данные о местонахождении __
j Шифр хранения 74.900.6
i Авторский знак Ш 18
b Сигла хранения ООЧ; 14; 18; 26
901 Тип документа __
t Тип документа m
905 Дата создания БЗ __
a Дата создания БЗ 2011.09.20
990 Данные о заказе (DOS) __
j Количество экземпляров (DOS) 4
h N записи в КСУ для Б/У (DOS) 2011-8